| 000 | 00411nam a2200133 a 4500 | ||
|---|---|---|---|
| 001 | 4312 | ||
| 003 | CDMR | ||
| 005 | 20130314183405.0 | ||
| 008 | 130130s1951||||||||||||||||||||||||||||d | ||
| 040 |
_aCDMR _bcat _cCDMR |
||
| 245 | 0 | 0 |
_aDiccionario biográfico de artistas de Cataluña _b: desde la época romana hasta nuestros días _cdirigido por J. F. Ráfols |
| 260 |
_aBarcelona _c1951-1954 _bMillà |
||
| 942 |
_cMON _2udc |
||
| 999 |
_c4312 _d4312 |
||